000 00822cam a2200253 a 4500
001 BD-DhSAU 3589
003 BD-DhSAU
005 20150208133111.0
008 911002s1990 ii ab b 000 0 eng
020 _a8185116113
020 _a8185116121
040 _aBD-DhSAU
082 0 0 _a631.810954
_222
_bTAF
100 1 _aTandon, H. L. S.
245 1 0 _aFertilizers in Indian agriculture :
_bpast, present, and future, 1950-2000 /
_cH.L.S. Tandon and Pratap Narayan.
260 _aNew Delhi, India :
_bFertiliser Development and Consultation Organisation ,
_c1990.
300 _avii, 160 p. :
_bill. ;
_c22 cm.
504 _aIncludes bibliographical references
590 _atamanna
650 0 _aFertilizers
_zIndia.
650 0 _asoil science
650 0 _aFertilizer industry
_zIndia.
700 1 _aNarayan, Pratap.
942 _2ddc
_cBOOK
999 _c3589
_d3589